000 01262nam0a22003011 4500
001 v19\rc\1659899
005 20260407125801.0
035 _a(NLR Aleph) 004769516
090 _a4621996
_c4621996
100 _a20061002e18911891|||y0rusy50 ca
101 0 _arus
102 _aRU
105 _ay z |||||
200 1 _aУстав Русского общества охранения народного здравия
_e[Утв. 12 авг. 1883 г.
210 _a[Санкт-Петербург]
_dценз. 1891
215 _a8 с.
_d24
309 _aБез тит. л. и обл.
311 _aИзвлеч. из № 1 Журн. Рус. о-ва охранен. нар. здравия"
488 0 _12001#$aЖурнал Русского общества охранения народного здравия$v№ 1
_tЖурнал Русского общества охранения народного здравия
710 0 2 _aРусское общество охранения народного здравия
_3RU\NLR\AUTH\889972020
_9440535
801 0 _aRU
_bNLR
_gpsbo
801 0 _aRU
_bRuMoRGB
_2psbo
801 1 _aRU
_bProSoft-M
_2rusmarc
852 _aNLR
_j18.197.6.87
899 _aRuMoRGB
_jA 174/446
899 _aБАН
942 _cBOOK
980 _aNB